Litigio territorial Colombia-Nicaragua /
Saved in:
| Main Author: | |
|---|---|
| Format: | Text |
| Subjects: | |
| Tags: |
Add Tag
No Tags, Be the first to tag this record!
|
MARC
| LEADER | 00000 a a2200000 04500 | ||
|---|---|---|---|
| 001 | 7088 | ||
| 003 | |||
| 040 | |||
| 100 | |a Zamora, Augusto | ||
| 245 | |a Litigio territorial Colombia-Nicaragua / |c Augusto Zamora | ||
| 650 | |a FRONTERAS | ||
| 650 | |a CONFLICTOS SOCIALES | ||
| 650 | |a ASPECTOS GEOGRAFICOS | ||
| 650 | |a ANALISIS HISTORICO | ||
| 773 | |g volumen 13, número 154; páginas 24-30 | ||
| 999 | |c 32644 |d 32644 | ||
